| 000 | 01341cam a22003375a 4500 | ||
|---|---|---|---|
| 001 | 12502922 | ||
| 005 | 20171012121830.0 | ||
| 008 | 010801s2000 ua a b 000 0 eng | ||
| 020 | _a9789774245596 | ||
| 040 |
_aDLC _cDLC _dDLC _dEG-ScBUE _beng |
||
| 041 | 1 |
_aeng _hara |
|
| 043 | _af-ua--- | ||
| 082 | 0 | 0 |
_a306.0962 _222 _bAMI |
| 100 | 1 |
_aAmin, Galal A., _d1935- |
|
| 240 | 1 | 0 |
_aماذا حدث للمصريين ؟ _lEnglish |
| 245 | 1 | 0 |
_aWhatever happened to the Egyptians ? : _bchanges in Egyptian society across half a century / _cGalal Amin ; illustrations by Golo. |
| 260 |
_aCairo ; _aNew York : _bAmerican University in Cairo Press, _cc.2000. |
||
| 300 |
_a177 p. : _bill. ; _c21 cm. |
||
| 504 | _aBibliography : p. 175-177. | ||
| 546 | _aText in English ; translated from original Arabic. | ||
| 650 | _2BUEsh | ||
| 651 | 7 |
_aEgypt _xSocial conditions. _2BUEsh _921086 |
|
| 651 | 7 |
_aEgypt _xSocial life and customs. _2BUEsh _933684 |
|
| 651 | 7 |
_aEgypt _xEconomic conditions. _2BUEsh _927436 |
|
| 653 |
_bBUSBOL _cOctober2017 |
||
| 655 |
_vReading book _934232 |
||
| 700 | 0 |
_aGolo, _eillustrator. |
|
| 856 | 4 | 2 |
_3Contributor biographical information _uhttp://www.loc.gov/catdir/enhancements/fy1409/2001303803-b.html |
| 856 | 4 | 2 |
_3Publisher description _uhttp://www.loc.gov/catdir/enhancements/fy1409/2001303803-d.html |
| 942 | _2ddc | ||
| 999 |
_c25480 _d25452 |
||